|
|
|
|
| LEADER |
01907nam a2200337 a 4500 |
| 001 |
10751 |
| 003 |
BD-DhAAL |
| 008 |
090507r20011972 nyua b 001 0 eng d |
| 999 |
|
|
|c 463
|d 463
|
| 010 |
|
|
|a \\\79172657
|
| 020 |
|
|
|a 0070423156
|
| 040 |
|
|
|a DLC
|c DLC
|d DLC
|d BD-DhAAL
|
| 082 |
0 |
0 |
|a 621.38173
|
| 100 |
1 |
|
|a Millman, Jacob,
|d 1911-
|9 42079
|
| 245 |
1 |
0 |
|a Integrated electronics: analog and digital circuits and systems /
|c [by] Jacob Millman [and] Christos C. Halkias.
|
| 260 |
|
|
|a New York :
|b McGraw-Hill,
|c 1972
|
| 300 |
|
|
|a xix, 911 pages :
|b illustrations ;
|c 24 cm.
|
| 490 |
0 |
|
|a McGraw-Hill electrical and electronic engineering series
|
| 504 |
|
|
|a Includes bibliographical references.
|
| 541 |
1 |
|
|e 10754
|
| 650 |
|
0 |
|a Integrated circuits.
|9 42080
|
| 650 |
|
0 |
|a Digital electronics.
|9 42081
|
| 650 |
|
0 |
|a Electronic analog computers
|x Circuits.
|9 42082
|
| 700 |
1 |
|
|a Halkias, Christos C.,
|e joint author.
|9 42083
|
| 830 |
|
|
|a McGraw-Hill electrical and electronic engineering series
|9 42084
|
| 852 |
4 |
|
|a Ayesha Abed Library
|c General Stacks
|
| 942 |
0 |
0 |
|0 3
|2 ddc
|c BK
|
| 952 |
|
|
|0 0
|1 0
|2 ddc
|4 0
|6 621_381730000000000_MIL_1997
|7 0
|9 422
|a BRACUL
|b BRACUL
|c GEN
|d 2009-05-07
|g 0.00
|l 3
|m 46
|o 621.38173 MIL
|p 3010010751
|r 2019-09-08
|s 2019-05-08
|t 1
|w 2009-05-07
|y BK
|x No price found in the accession register.
|
| 952 |
|
|
|0 0
|1 0
|2 ddc
|4 0
|6 621_381730000000000_MIL
|7 0
|9 11408
|a SCL
|b SCL
|c GEN
|d 2010-07-03
|l 3
|m 24
|o 621.38173 MIL
|p 3010010752
|r 2016-04-16
|s 2016-02-24
|t 2
|w 2010-07-03
|y BK
|x Transferred from BRACUL to SCL on 08/08/22
|
| 952 |
|
|
|0 0
|1 0
|2 ddc
|4 0
|6 621_381730000000000_MIL_1997
|7 0
|9 11409
|a BRACUL
|b BRACUL
|c GEN
|d 2010-07-03
|l 6
|m 74
|o 621.38173 MIL
|p 3010010753
|q 2026-05-13
|r 2026-02-02
|s 2026-02-02
|t 3
|w 2010-07-03
|y BK
|
| 952 |
|
|
|0 0
|1 0
|2 ddc
|4 0
|6 621_381730000000000_MIL
|7 0
|9 11410
|a SCL
|b SCL
|c GEN
|d 2010-07-03
|l 4
|m 53
|o 621.38173 MIL
|p 3010010754
|r 2016-09-04
|s 2016-05-09
|t 4
|w 2010-07-03
|y BK
|x Transferred from BRACUL to SCL on 08/08/22
|